Quantitative Methods for Business Decisions / With Cases: Fifth Edition (Record no. 3347)
[ view plain ]
| 000 -LEADER | |
|---|---|
| fixed length control field | 02487cam a22002174a 4500 |
| 005 - ΗΜΕΡΟΜΗΝΙΑ ΚΑΙ ΩΡΑ ΤΕΛΕΥΤΑΙΑΣ ΕΝΗΜΕΡΩΣΗΣ | |
| Πεδίο ελέγχου | 20250605164112.0 |
| 008 - FIXED-LENGTH DATA ELEMENTS--GENERAL INFORMATION | |
| Πεδίο ελέγχου σταθερού μήκους | 250528s ||||||||||||||||||||||||d |
| 035 ## - SYSTEM CONTROL NUMBER | |
| System control number | 17953 |
| 020 ## - ISBN | |
| ISBN | 155743317 |
| 040 ## - ΠΗΓΗ ΚΑΤΑΛΟΓΟΓΡΑΦΗΣΗΣ | |
| Φορέας πρωτότυπης καταλογογράφησης | MC Athens Campus Library |
| Γλώσσα καταλογογράφησης | Ελληνικά, Μοντέρνα (1453-) |
| Modifying agency | MC Athens Campus Library |
| Κανόνες περιγραφικής καταλογογράφησης | AACR2 |
| 245 1# - ΤΙΤΛΟΣ ΚΑΙ ΔΗΛΩΣΗ ΥΠΕΥΘΥΝΟΤΗΤΑΣ | |
| Τίτλος | Quantitative Methods for Business Decisions / With Cases: Fifth Edition |
| 250 ## - EDITION STATEMENT | |
| Edition statement | 5th |
| 260 ## - PUBLICATION, DISTRIBUTION, ETC. | |
| Name of publisher, distributor, etc. | The Dryden Press, |
| Date of publication, distribution, etc. | 1991 |
| 300 ## - PHYSICAL DESCRIPTION | |
| Extent | 958 |
| 505 0# - FORMATTED CONTENTS NOTE | |
| Formatted contents note | Preface, Introduction to Quantitative Methods for Decision Making, Probability Concepts, Probability Distributions and Expected Value and Sampling, Assesing Probabilities Through Judgement, Forecasting, Inventory Decisions with Certain Factors, Inventory Decisions with Uncertain Factors, Linear Programming, Linear Programming Applications and Problem Formulation, Solving Linear Programs I: Simplex and the Computer, Solving Linear Proms II: Surplus and Artificial Variables, Shadow Prices and Duality in Linear Programming, Sensitivity Analysis in Linear Programming, The Transportation Problem, Integer Programming and the Branch and Bound Method, Goal Programming, Network Planning with PERT, Waiting Lines (Queues), Simulation, Basic Concepts of Decision Making, Decision Theory, Decision Making Using the Normal Distribution, Decision Making with Utility, Games and Interactive Decisions, Dynamic Programming, Decision Making with Markov Processes, Appendixes, Index. |
| 520 ## - SUMMARY, ETC. | |
| Summary, etc. | Preface, Introduction to Quantitative Methods for Decision Making, Probability Concepts, Probability Distributions and Expected Value and Sampling, Assesing Probabilities Through Judgement, Forecasting, Inventory Decisions with Certain Factors, Inventory Decisions with Uncertain Factors, Linear Programming, Linear Programming Applications and Problem Formulation, Solving Linear Programs I: Simplex and the Computer, Solving Linear Proms II: Surplus and Artificial Variables, Shadow Prices and Duality in Linear Programming, Sensitivity Analysis in Linear Programming, The Transportation Problem, Integer Programming and the Branch and Bound Method, Goal Programming, Network Planning with PERT, Waiting Lines (Queues), Simulation, Basic Concepts of Decision Making, Decision Theory, Decision Making Using the Normal Distribution, Decision Making with Utility, Games and Interactive Decisions, Dynamic Programming, Decision Making with Markov Processes, Appendixes, Index. |
| 700 1# - ΠΡΟΣΘΕΤΗ ΑΝΑΓΡΑΦΗ--ΦΥΣΙΚΟ ΠΡΟΣΩΠΟ | |
| Personal name | Lapin Lawrence L |
| 9 (RLIN) | 4249 |
| 942 ## - ADDED ENTRY ELEMENTS (KOHA) | |
| Koha item type | Books |
| Τύπος τεκμηρίου | Βιβλιοθήκη | Τρέχουσα τοποθεσία | Barcode | Αριθμός εισαγωγής | Ημερομηνία απόκτησης | Ταξιθετικό σύμβολο | Αριθμός αντιτύπου | Κατάσταση απόσυρσης | Κατάσταση χαμένου | Κατάσταση κατεστραμμένου | Μη δανεισμός | Σύνολο δανεισμών | Ημερομηνία τελευταίας εμφάνισης | Η τιμή ισχύει από |
|---|---|---|---|---|---|---|---|---|---|---|---|---|---|---|
| Books | MC Athens Campus Library | MC Athens Campus Library | 9780000033468 | 1725 | 05/06/2025 | 658.4/03 LAP | 1 | 05/06/2025 | 05/06/2025 |